Normal view
MARC view
- Hidalgo y Costilla, Miguel,
Entry Nombre Personal
001 - NUMERO DE CONTROL
- campo de control: 16388
003 - IDENTIFICADOR DE NUMERO DE CONTROL
- campo de control: UPN
005 - FECHA Y HORA DE LA ÜLTIMA TRANSACCIÓN
- campo de control: 20220902123658.0
008 - DATOS DE LONGITUD FIJA
- campo de control de longitud fija: nabaccnnaabn|||||||||| b |nc|||||d
035 ## - NUMERO DE CONTROL
- Número de control: UPN10000016396
040 ## - FUENTE DE CATALOGACIÓN
- Lenguaje de catalogación: SPA
- Agencia de transcripción: UPN
- Agencia original de catalogación: UPN
100 1# - ENCABEZAMIENTO - NOMBRE PERSONAL
- Nombre personal: Hidalgo y Costilla, Miguel,
- Fechas asociadas con el nombre: 1753-1811
670 ## - FUENTE EN LA QUE SE LOCALIZARON DATOS
- Cita de la fuente: T
- Información localizada: Diccionario Porrúa de Historia, Biografía y Geografía de México
902 ## - CATALOGADOR
- Catalogador: BEC/240997
